[Event "WchT Seniors 65"]
[Site "Radebeul"]
[Date "2016.07.02"]
[Round "7.19"]
[White "O'Leary, Matt"]
[Black "Nagorni, Walter"]
[Result "1-0"]
[WhiteElo "1862"]
[BlackElo "1982"]
[PlyCount "119"]
[EventDate "2016.06.26"]
[EventType "team-swiss"]
[EventRounds "9"]
[EventCountry "GER"]
[SourceTitle "CBM 173 Extra"]
[Source "ChessBase"]
[SourceDate "2016.08.29"]
[SourceVersion "1"]
[SourceVersionDate "2016.08.29"]
[SourceQuality "1"]
[WhiteTeam "Ireland"]
[BlackTeam "Niedersachsen Freibauer"]
[WhiteTeamCountry "IRL"]
[BlackTeamCountry "GER"]

1. Nf3 g6 2. d4 Bg7 3. e4 d6 4. Be2 Bg4 5. h3 Bxf3 6. Bxf3 Nc6 7. Be3 Nf6 8. 0-0 0-0 9. c3 Nd7 10. Nd2 Nb6 11. Be2 e6 12. f4 f5 13. exf5 exf5 14. Bf3 Kh8 15. Re1 Re8 16. a4 a5 17. Qb3 Qd7 18. d5 Ne7 19. Bxb6 cxb6 20. Qxb6 Bf6 21. Re6 Nc8 22. Rxe8+ Qxe8 23. Qf2 Qd7 24. Nc4 Kg7 25. b3 Bxc3 26. Rc1 Bb4 27. g4 Bc5 28. Ne3 Nb6 29. gxf5 Re8 30. f6+ Kf7 31. Rxc5 dxc5 32. Bg4 Qd6 33. Be6+ Rxe6 34. dxe6+ Qxe6 35. Ng4 Nd5 36. Ne5+ Kxf6 37. Qh4+ Kg7 38. Ng4 h5 39. Ne5 Ne3 40. Qd8 Nf5 41. Qxa5 Qd6 42. Qc3 Nd4 43. Nd3 Qf6 44. Qxc5 Nxb3 45. Qc7+ Kh6 46. Ne5 g5 47. Nf7+ Kg6 48. Nxg5 Qd4+ 49. Kg2 Qd2+ 50. Kg3 Qe3+ 51. Nf3 b6 52. Qd6+ Kf7 53. Qd5+ Kg6 54. Qg5+ Kf7 55. Qxh5+ Kg7 56. Qg5+ Kf7 57. Qd5+ Kg6 58. Kg4 Nc5 59. Ne5+ Kh6 60. Qd6+ 1-0

[Event "WchT Seniors 65"]
[Site "Radebeul"]
[Date "2016.07.01"]
[Round "6.21"]
[White "Nagorni, Walter"]
[Black "Norevall, Ulf"]
[Result "1/2-1/2"]
[WhiteElo "1982"]
[BlackElo "1749"]
[PlyCount "80"]
[EventDate "2016.06.26"]
[EventType "team-swiss"]
[EventRounds "9"]
[EventCountry "GER"]
[SourceTitle "CBM 173 Extra"]
[Source "ChessBase"]
[SourceDate "2016.08.29"]
[SourceVersion "1"]
[SourceVersionDate "2016.08.29"]
[SourceQuality "1"]
[WhiteTeam "Niedersachsen Freibauer"]
[BlackTeam "Sweden III"]
[WhiteTeamCountry "GER"]
[BlackTeamCountry "SWE"]

1. Nf3 f5 2. g3 Nf6 3. Bg2 d6 4. d4 c6 5. 0-0 g6 6. c4 Bg7 7. Nc3 0-0 8. Bg5 h6 9. Bxf6 Bxf6 10. Qc2 Kh7 11. Rfd1 Qc7 12. Rac1 Be6 13. d5 Bf7 14. e4 fxe4 15. Nxe4 Nd7 16. Nxf6+ Nxf6 17. dxc6 bxc6 18. Nd4 Rac8 19. Nxc6 Be8 20. Nd4 Bd7 21. Qe2 e5 22. Nb5 Bxb5 23. cxb5 Qxc1 24. Rxc1 Rxc1+ 25. Bf1 Rfc8 26. Kg2 e4 27. Qe3 R8c7 28. Qd4 Rf7 29. Bc4 d5 30. Bxd5 Nxd5 31. Qxd5 Re7 32. Qd6 Rec7 33. a4 h5 34. h4 Rf7 35. b4 e3 36. fxe3 Rc2+ 37. Kh3 Rff2 38. Qe7+ Kh6 39. Qg5+ Kh7 40. Qe7+ Kh6 1/2-1/2

[Event "GER-chA Seniors 27th"]
[Site "Magdeburg"]
[Date "2015.08.20"]
[Round "6"]
[White "Nagorni, Walter"]
[Black "Klein, Reinhard"]
[Result "1-0"]
[WhiteElo "2049"]
[BlackElo "1942"]
[PlyCount "97"]
[EventDate "2015.08.15"]
[EventType "swiss"]
[EventRounds "9"]
[EventCountry "GER"]
[SourceTitle "EXT 2018"]
[Source "ChessBase"]
[SourceDate "2017.10.13"]
[SourceVersion "1"]
[SourceVersionDate "2017.10.13"]
[SourceQuality "1"]

1. Nf3 d6 2. d4 g6 3. g3 Bg7 4. Bg2 a5 5. 0-0 Na6 6. c4 Bd7 7. Nc3 c6 8. e4 e5 9. dxe5 dxe5 10. Qe2 Qc7 11. Rd1 Nf6 12. h3 0-0 13. Be3 Rfe8 14. Rac1 Qc8 15. Kh2 c5 16. Nd5 Nxd5 17. cxd5 b6 18. Nd2 Qb8 19. Nc4 Bb5 20. a3 Bxc4 21. Qxc4 Qd6 22. Qb5 Nc7 23. Qe2 Red8 24. f4 f6 25. fxe5 fxe5 26. Rf1 Rf8 27. Rxf8+ Rxf8 28. Rf1 Rxf1 29. Qxf1 Qd7 30. h4 Qd6 31. Qe2 Kf8 32. Qg4 Ke7 33. Qc8 Ne8 34. Bh3 Nf6 35. Qb7+ Kf8 36. Be6 Qe7 37. Qb8+ Qe8 38. Qxb6 Nxe4 39. Qxa5 g5 40. Bxc5+ Nxc5 41. Qxc5+ Qe7 42. Qc8+ Qe8 43. Qxe8+ Kxe8 44. hxg5 e4 45. b3 Bf8 46. a4 Bb4 47. Kg2 Bd2 48. Bf5 e3 49. Kf3 1-0

[Event "GER-chA Seniors 27th"]
[Site "Magdeburg"]
[Date "2015.08.19"]
[Round "5"]
[White "Grassmann, Heinz"]
[Black "Nagorni, Walter"]
[Result "0-1"]
[WhiteElo "1952"]
[BlackElo "2049"]
[PlyCount "56"]
[EventDate "2015.08.15"]
[EventType "swiss"]
[EventRounds "9"]
[EventCountry "GER"]
[SourceTitle "EXT 2018"]
[Source "ChessBase"]
[SourceDate "2017.10.13"]
[SourceVersion "1"]
[SourceVersionDate "2017.10.13"]
[SourceQuality "1"]

1. d4 Nf6 2. c4 c5 3. d5 e6 4. Nc3 exd5 5. cxd5 d6 6. e4 g6 7. Bd3 Bg7 8. Nge2 0-0 9. h3 Re8 10. 0-0 a6 11. a4 Nbd7 12. f4 Qc7 13. Ng3 Rb8 14. Qf3 c4 15. Bc2 b5 16. axb5 axb5 17. Be3 Nc5 18. Rad1 Nfd7 19. Qf2 b4 20. Nce2 b3 21. Bb1 Bxb2 22. Bd4 Bxd4 23. Qxd4 Na4 24. Nc3 Nxc3 25. Qxc3 Qb6+ 26. Kh2 Qb4 27. Rf3 Qxc3 28. Rxc3 Ba6 0-1

[Event "EU-chT Seniors 15th"]
[Site "Dresden"]
[Date "2013.07.24"]
[Round "5"]
[White "Nagorni, Walter"]
[Black "Eichner, Christian"]
[Result "1-0"]
[WhiteElo "2061"]
[BlackElo "2086"]
[PlyCount "65"]
[EventDate "2013.07.20"]
[EventType "team-swiss"]
[EventRounds "9"]
[EventCountry "GER"]
[SourceTitle "CBM 155 Extra"]
[Source "ChessBase"]
[SourceDate "2013.08.26"]
[SourceVersion "1"]
[SourceVersionDate "2013.08.26"]
[SourceQuality "1"]
[WhiteTeam "Widukind II"]
[BlackTeam "Dresden SV TUR"]
[WhiteTeamCountry "GER"]
[BlackTeamCountry "GER"]

1. Nf3 g6 2. g3 Bg7 3. Bg2 f5 4. d4 Nf6 5. c4 d6 6. Nc3 0-0 7. 0-0 Nc6 8. d5 Na5 9. Nd2 c5 10. e4 a6 11. exf5 Bxf5 12. Qe2 Re8 13. Nde4 Nd7 14. Bd2 Rb8 15. Ng5 Nf8 16. g4 Bd7 17. b3 b5 18. cxb5 axb5 19. Qf3 b4 20. Qf7+ Kh8 21. Nce4 Bxg4 22. Rae1 Qd7 23. Ng3 Nb7 24. Ne6 Bxe6 25. dxe6 Qb5 26. Bxb7 Qxb7 27. h4 Qc6 28. h5 d5 29. h6 Bb2 30. Bf4 Rb6 31. Be5+ Bxe5 32. Rxe5 Nxe6 33. Rxe6 1-0

[Event "EU-chT Seniors 15th"]
[Site "Dresden"]
[Date "2013.07.23"]
[Round "4"]
[White "Hedin, Gunnar"]
[Black "Nagorni, Walter"]
[Result "0-1"]
[WhiteElo "2117"]
[BlackElo "2061"]
[PlyCount "74"]
[EventDate "2013.07.20"]
[EventType "team-swiss"]
[EventRounds "9"]
[EventCountry "GER"]
[SourceTitle "CBM 155 Extra"]
[Source "ChessBase"]
[SourceDate "2013.08.26"]
[SourceVersion "1"]
[SourceVersionDate "2013.08.26"]
[SourceQuality "1"]
[WhiteTeam "Sweden II"]
[BlackTeam "Widukind II"]
[WhiteTeamCountry "SWE"]
[BlackTeamCountry "GER"]

1. d4 Nf6 2. c4 c5 3. d5 e6 4. Nc3 exd5 5. cxd5 d6 6. e4 g6 7. Nge2 Bg7 8. Ng3 0-0 9. Be2 b6 10. 0-0 Ba6 11. Bf4 Bxe2 12. Qxe2 a6 13. a4 Re8 14. f3 Qe7 15. Qd2 Nbd7 16. Rab1 Rab8 17. Rbc1 b5 18. axb5 axb5 19. b4 c4 20. Nh1 Ne5 21. Nf2 Nh5 22. Be3 Rf8 23. f4 Nd7 24. Ne2 f5 25. exf5 gxf5 26. Nd4 Bxd4 27. Bxd4 Ndf6 28. Bc3 Qf7 29. Rcd1 Ra8 30. Qd4 Qa7 31. g3 Qxd4 32. Rxd4 Rfe8 33. Rd2 Ra3 34. Bd4 Kf7 35. Ra1 Rxa1+ 36. Bxa1 Re1+ 37. Kg2 Rxa1 0-1

[Event "Hessen-ch Seniors op 09th"]
[Site "Bad Sooden-Allendorf"]
[Date "2013.04.28"]
[Round "9"]
[White "Van Houten, Henk"]
[Black "Nagorni, Walter"]
[Result "0-1"]
[WhiteElo "1767"]
[BlackElo "2078"]
[PlyCount "69"]
[EventDate "2013.04.20"]
[EventType "swiss"]
[EventRounds "9"]
[EventCountry "GER"]
[SourceTitle "EXT 2019"]
[Source "ChessBase"]
[SourceDate "2018.10.10"]
[SourceVersion "1"]
[SourceVersionDate "2018.10.10"]
[SourceQuality "1"]

1. b3 c5 2. Bb2 Nc6 3. Nf3 Nf6 4. g3 g6 5. Bg2 Bg7 6. e4 0-0 7. d3 d6 8. 0-0 Bg4 9. Nbd2 Nd4 10. c3 Nxf3+ 11. Bxf3 Bd7 12. Nc4 Rb8 13. a4 a6 14. a5 Qc7 15. Nb6 Bc6 16. Ra2 e6 17. Re1 Rbd8 18. Qa1 Nd7 19. Nxd7 Qxd7 20. c4 Bxb2 21. Qxb2 f5 22. Bg2 f4 23. f3 e5 24. b4 h5 25. bxc5 Qe7 26. Qf2 dxc5 27. Ra3 Rd4 28. h3 Qd8 29. Bf1 Qg5 30. g4 hxg4 31. fxg4 f3 32. Re3 Qf4 33. Ra1 Kg7 34. Rae1 Bd7 35. Rb1 0-1

[Event "Hessen-ch Seniors op 09th"]
[Site "Bad Sooden-Allendorf"]
[Date "2013.04.24"]
[Round "5"]
[White "Nagorni, Walter"]
[Black "Zunker, Reinhard"]
[Result "1/2-1/2"]
[WhiteElo "2078"]
[BlackElo "2197"]
[PlyCount "30"]
[EventDate "2013.04.20"]
[EventType "swiss"]
[EventRounds "9"]
[EventCountry "GER"]
[SourceTitle "EXT 2019"]
[Source "ChessBase"]
[SourceDate "2018.10.10"]
[SourceVersion "1"]
[SourceVersionDate "2018.10.10"]
[SourceQuality "1"]

1. Nf3 Nf6 2. c4 c5 3. g3 Nc6 4. Nc3 e5 5. Bg2 d6 6. d3 g6 7. 0-0 Bg7 8. Bg5 h6 9. Bd2 0-0 10. a3 Be6 11. e4 Qd7 12. Rb1 Bg4 13. Ne2 a5 14. b4 axb4 15. axb4 b6 1/2-1/2

[Event "Hessen-ch Seniors op 09th"]
[Site "Bad Sooden-Allendorf"]
[Date "2013.04.21"]
[Round "2"]
[White "Nagorni, Walter"]
[Black "Van Oosten, Arend"]
[Result "0-1"]
[WhiteElo "2078"]
[BlackElo "2180"]
[PlyCount "114"]
[EventDate "2013.04.20"]
[EventType "swiss"]
[EventRounds "9"]
[EventCountry "GER"]
[SourceTitle "EXT 2019"]
[Source "ChessBase"]
[SourceDate "2018.10.10"]
[SourceVersion "1"]
[SourceVersionDate "2018.10.10"]
[SourceQuality "1"]

1. Nf3 d5 2. d4 e6 3. g3 Bd6 4. Bg2 f5 5. 0-0 Nf6 6. c4 c6 7. Nbd2 Nbd7 8. Rb1 Qe7 9. a3 0-0 10. b4 b5 11. c5 Bc7 12. Bb2 f4 13. Ne5 Nxe5 14. dxe5 Ng4 15. Nf3 fxg3 16. hxg3 Qf7 17. Bh3 Qh5 18. Bxg4 Qxg4 19. Kg2 Bd7 20. Rh1 Be8 21. Rh4 Qg6 22. Rc1 Bd8 23. Rh2 Qe4 24. Kg1 a5 25. Qc2 axb4 26. axb4 Ra2 27. Qb3 Ra4 28. Bc3 Qxe2 29. Nd4 Qg4 30. Re1 Bg5 31. Qd1 Qxd1 32. Rxd1 Bd7 33. f4 Be7 34. Rf2 Ra3 35. Rd3 g6 36. Nc2 Ra2 37. Bd4 g5 38. Rdf3 Be8 39. Ra3 Rxa3 40. Nxa3 Bg6 41. Be3 gxf4 42. Bxf4 Ra8 43. Nc2 Bxc2 44. Rxc2 Ra1+ 45. Kg2 Rb1 46. Bd2 Kf7 47. Ra2 Kg6 48. Kf3 Rb3+ 49. Ke2 Bg5 50. Be1 Kf5 51. Ra6 d4 52. Rxc6 d3+ 53. Kf1 d2 54. Bxd2 Bxd2 55. Rd6 Bxb4 56. c6 Rc3 57. Rd4 Ba5 0-1

[Event "Hessen-ch Seniors op 09th"]
[Site "Bad Sooden-Allendorf"]
[Date "2013.04.20"]
[Round "1"]
[White "Bill, Eugen"]
[Black "Nagorni, Walter"]
[Result "0-1"]
[WhiteElo "1886"]
[BlackElo "2078"]
[PlyCount "60"]
[EventDate "2013.04.20"]
[EventType "swiss"]
[EventRounds "9"]
[EventCountry "GER"]
[SourceTitle "EXT 2019"]
[Source "ChessBase"]
[SourceDate "2018.10.10"]
[SourceVersion "1"]
[SourceVersionDate "2018.10.10"]
[SourceQuality "1"]

1. d4 Nf6 2. c4 c5 3. dxc5 Qa5+ 4. Bd2 Qxc5 5. Nf3 Qxc4 6. e3 Qc7 7. Nc3 Nc6 8. Rc1 Qd8 9. g3 g6 10. Bg2 Bg7 11. 0-0 0-0 12. a3 d6 13. b4 a6 14. Ne2 Bd7 15. Nfd4 Rc8 16. Nxc6 Bxc6 17. Bxc6 Rxc6 18. Rxc6 bxc6 19. Qa4 Ne4 20. Rd1 Qb6 21. Be1 Ng5 22. Bc3 Bxc3 23. Nxc3 Nf3+ 24. Kg2 Ne5 25. Ne4 Qb5 26. Qb3 a5 27. Nc3 Qb7 28. Kg1 axb4 29. axb4 Rb8 30. Rb1 Nf3+ 0-1

[Event "GER-ch Seniors"]
[Site "Dresden"]
[Date "2012.08.17"]
[Round "9"]
[White "Mueckan, Friedbert"]
[Black "Nagorni, Walter"]
[Result "1/2-1/2"]
[WhiteElo "2038"]
[BlackElo "2099"]
[PlyCount "97"]
[EventDate "2012.08.09"]
[EventType "swiss"]
[EventRounds "9"]
[EventCountry "GER"]
[SourceTitle "EXT 2014"]
[Source "ChessBase"]
[SourceDate "2013.11.20"]
[SourceVersion "1"]
[SourceVersionDate "2013.11.20"]
[SourceQuality "1"]

1. e4 c5 2. Nf3 Nc6 3. d4 cxd4 4. Nxd4 g6 5. c3 Bg7 6. Be3 Nf6 7. Nd2 0-0 8. Be2 d5 9. Nxc6 bxc6 10. e5 Nd7 11. f4 f6 12. exf6 Bxf6 13. 0-0 Rb8 14. f5 Ne5 15. fxg6 hxg6 16. b3 Qc7 17. Rc1 Kg7 18. g3 Rh8 19. Rf2 Be6 20. Nf1 Rbd8 21. Bf4 Qb6 22. Be3 Qc7 23. Bf4 g5 24. Be3 Qd7 25. Qd2 Nf7 26. Bc5 Bh3 27. Ne3 Nd6 28. Bd3 Ne4 29. Bxe4 dxe4 30. Qxd7 Rxd7 31. Re2 Rhd8 32. Kf2 Rd3 33. a4 Be5 34. Bxe7 R8d7 35. Bc5 Rf7+ 36. Kg1 Bf4 37. Rce1 Kg6 38. c4 Be5 39. b4 Bc3 40. Rb1 a6 41. Bd4 Rc7 42. Kf2 Rf7+ 43. Kg1 Bd2 44. b5 axb5 45. cxb5 cxb5 46. axb5 Rb3 47. Rd1 Bxe3+ 48. Rxe3 Rxe3 49. Bxe3 1/2-1/2

[Event "GER-ch Seniors"]
[Site "Dresden"]
[Date "2012.08.12"]
[Round "4"]
[White "Nagorni, Walter"]
[Black "Uhlmann, Wolfgang"]
[Result "1/2-1/2"]
[WhiteElo "2099"]
[BlackElo "2339"]
[PlyCount "48"]
[EventDate "2012.08.09"]
[EventType "swiss"]
[EventRounds "9"]
[EventCountry "GER"]
[SourceTitle "EXT 2014"]
[Source "ChessBase"]
[SourceDate "2013.11.20"]
[SourceVersion "1"]
[SourceVersionDate "2013.11.20"]
[SourceQuality "1"]

1. Nf3 Nf6 2. c4 c5 3. Nc3 g6 4. g3 d6 5. Bg2 Nc6 6. 0-0 Bg7 7. d3 Bd7 8. a3 Qc8 9. Rb1 Bh3 10. Nd5 Bxg2 11. Nxf6+ Bxf6 12. Kxg2 h5 13. h4 Rb8 14. b4 cxb4 15. axb4 b5 16. cxb5 Rxb5 17. Qa4 Qb7 18. Bd2 0-0 19. Kh2 Rb8 20. Rfc1 a5 21. Rxc6 Qxc6 22. Rc1 Qb6 23. Be3 Rxb4 24. Qd7 Qd8 1/2-1/2

[Event "Hessen-ch Seniors op 08th"]
[Site "Bad Sooden-Allendorf"]
[Date "2012.04.22"]
[Round "9"]
[White "Nagorni, Walter"]
[Black "Matrisch, Gerd"]
[Result "1/2-1/2"]
[WhiteElo "2110"]
[BlackElo "1924"]
[PlyCount "118"]
[EventDate "2012.04.14"]
[EventType "swiss"]
[EventRounds "9"]
[EventCountry "GER"]
[SourceTitle "EXT 2019"]
[Source "ChessBase"]
[SourceDate "2018.10.10"]
[SourceVersion "1"]
[SourceVersionDate "2018.10.10"]
[SourceQuality "1"]

1. Nf3 c5 2. c4 g6 3. Nc3 Bg7 4. g3 Nc6 5. Bg2 Nf6 6. 0-0 0-0 7. d4 cxd4 8. Nxd4 a6 9. Nxc6 dxc6 10. Qc2 e5 11. e4 Bg4 12. h3 Be6 13. b3 Rc8 14. Rd1 Qc7 15. Be3 Rfd8 16. Na4 Rxd1+ 17. Rxd1 Rd8 18. Rf1 Nd7 19. Qe2 b5 20. cxb5 cxb5 21. Rc1 Qb7 22. Nc3 Rc8 23. Qd2 b4 24. Nd5 Rxc1+ 25. Qxc1 Nf6 26. Qc7 Qxc7 27. Nxc7 Bc8 28. Bc5 Bf8 29. Bb6 Bd6 30. Kf1 Bb7 31. f3 Kf8 32. Ke1 Ke7 33. Bf1 Nd7 34. Ba5 Nb8 35. Nd5+ Bxd5 36. exd5 Bc5 37. Kd2 Kd6 38. Bc4 f5 39. Kd3 Nd7 40. Bxa6 Nf6 41. Bb7 Nxd5 42. Kc4 Ne3+ 43. Kb5 Nf1 44. g4 fxg4 45. hxg4 h5 46. gxh5 gxh5 47. Bxb4 Bxb4 48. Kxb4 h4 49. Bc8 Nh2 50. a4 Kc6 51. Bf5 Kb6 52. a5+ Ka6 53. Bd3+ Ka7 54. Kc5 Nxf3 55. b4 h3 56. Bf1 h2 57. Bg2 Ne1 58. Bh1 Nd3+ 59. Kd5 Nxb4+ 1/2-1/2

[Event "Hessen-ch Seniors op 08th"]
[Site "Bad Sooden-Allendorf"]
[Date "2012.04.20"]
[Round "7"]
[White "Nagorni, Walter"]
[Black "Scholz, Werner"]
[Result "1-0"]
[WhiteElo "2110"]
[BlackElo "1751"]
[PlyCount "67"]
[EventDate "2012.04.14"]
[EventType "swiss"]
[EventRounds "9"]
[EventCountry "GER"]
[SourceTitle "EXT 2019"]
[Source "ChessBase"]
[SourceDate "2018.10.10"]
[SourceVersion "1"]
[SourceVersionDate "2018.10.10"]
[SourceQuality "1"]

1. Nf3 g6 2. d4 Bg7 3. g3 Nf6 4. Bg2 0-0 5. c4 d6 6. 0-0 Bf5 7. Nc3 c6 8. Nh4 Be6 9. d5 cxd5 10. cxd5 Bd7 11. Be3 Na6 12. Rc1 Ng4 13. Bd4 Bxd4 14. Qxd4 Nf6 15. Nf3 Qa5 16. Rfd1 Nb4 17. a3 Na6 18. Qh4 Kg7 19. e4 Qb6 20. e5 Ng8 21. b4 Rae8 22. Ne4 f5 23. Neg5 h6 24. Ne6+ Bxe6 25. dxe6 dxe5 26. Nxe5 Qxe6 27. Nd7 g5 28. Qd4+ Nf6 29. Nxf8 Kxf8 30. Bxb7 Nb8 31. Qxa7 Nfd7 32. Qd4 Nf6 33. Re1 Qf7 34. b5 1-0

[Event "Hessen-ch Seniors op 08th"]
[Site "Bad Sooden-Allendorf"]
[Date "2012.04.16"]
[Round "3"]
[White "Nagorni, Walter"]
[Black "Zoll, Theobald"]
[Result "1/2-1/2"]
[WhiteElo "2110"]
[BlackElo "1770"]
[PlyCount "66"]
[EventDate "2012.04.14"]
[EventType "swiss"]
[EventRounds "9"]
[EventCountry "GER"]
[SourceTitle "EXT 2019"]
[Source "ChessBase"]
[SourceDate "2018.10.10"]
[SourceVersion "1"]
[SourceVersionDate "2018.10.10"]
[SourceQuality "1"]

1. Nf3 d5 2. d4 Nf6 3. g3 Bf5 4. Bg2 h6 5. 0-0 e6 6. c4 c6 7. Nc3 Nbd7 8. b3 Ne4 9. Bb2 Qa5 10. Nxe4 Bxe4 11. a3 Qc7 12. Rc1 Be7 13. cxd5 exd5 14. Bh3 0-0 15. Nd2 Bg6 16. Bg2 Nf6 17. f3 Qd7 18. e4 dxe4 19. fxe4 Rad8 20. b4 Bh5 21. Qe1 Rfe8 22. h3 Bf8 23. Qf2 Bg6 24. Rfe1 Nh7 25. Kh2 Ng5 26. h4 Nh7 27. Nc4 Nf6 28. Bh3 Ng4+ 29. Bxg4 Qxg4 30. Ne5 Qe6 31. d5 cxd5 32. exd5 Qf5 33. Qg2 Bd6 1/2-1/2

[Event "Hessen-ch Seniors op 08th"]
[Site "Bad Sooden-Allendorf"]
[Date "2012.04.15"]
[Round "2"]
[White "Kierzek, Matthias"]
[Black "Nagorni, Walter"]
[Result "1-0"]
[WhiteElo "2177"]
[BlackElo "2110"]
[PlyCount "107"]
[EventDate "2012.04.14"]
[EventType "swiss"]
[EventRounds "9"]
[EventCountry "GER"]
[SourceTitle "EXT 2019"]
[Source "ChessBase"]
[SourceDate "2018.10.10"]
[SourceVersion "1"]
[SourceVersionDate "2018.10.10"]
[SourceQuality "1"]

1. d4 Nf6 2. c4 c5 3. d5 e6 4. Nc3 exd5 5. cxd5 d6 6. Nf3 g6 7. Bf4 a6 8. a4 Qe7 9. h3 Nbd7 10. e3 Bg7 11. Be2 0-0 12. 0-0 Ne8 13. Nd2 Rb8 14. e4 Ne5 15. Bh2 g5 16. Re1 Bd7 17. a5 Nc7 18. Nc4 Nxc4 19. Bxc4 Be5 20. Bxe5 Qxe5 21. Re3 Kh8 22. Qh5 f6 23. Qe2 Rg8 24. Qd3 Qd4 25. Qf1 g4 26. Rd1 Qe5 27. h4 b5 28. axb6 Rxb6 29. b3 Nb5 30. Bxb5 Bxb5 31. Nxb5 axb5 32. Ra1 c4 33. bxc4 bxc4 34. Rc1 g3 35. Rxg3 Rxg3 36. fxg3 Qd4+ 37. Qf2 Qxf2+ 38. Kxf2 Rb2+ 39. Kf3 Rb3+ 40. Kf4 c3 41. Kf5 Kg7 42. Ke6 Rb4 43. Rxc3 Rxe4+ 44. Kxd6 Re2 45. Kc7 Re7+ 46. Kc8 Re8+ 47. Kd7 Re5 48. d6 Kf7 49. Kc7 Ra5 50. d7 Ra7+ 51. Kd6 Ra6+ 52. Rc6 Ra8 53. Rc8 Ra6+ 54. Kc5 1-0

[Event "GER-ch Seniors 23rd"]
[Site "Halle"]
[Date "2011.08.12"]
[Round "8"]
[White "Mertens, Gottfried"]
[Black "Nagorni, Walter"]
[Result "0-1"]
[WhiteElo "1980"]
[BlackElo "2112"]
[PlyCount "122"]
[EventDate "2011.08.05"]
[EventType "swiss"]
[EventRounds "9"]
[EventCountry "GER"]
[SourceTitle "CBM 144 Extra"]
[Source "ChessBase"]
[SourceDate "2011.10.28"]
[SourceVersion "1"]
[SourceVersionDate "2011.10.28"]
[SourceQuality "1"]

1. e3 c5 2. f4 Nc6 3. Nf3 g6 4. Be2 Bg7 5. 0-0 Nf6 6. d3 d5 7. Qe1 Bg4 8. a4 Nb4 9. Bd1 Qc7 10. Nc3 e6 11. e4 d4 12. Nb1 0-0 13. Na3 Bxf3 14. Bxf3 Rab8 15. Bd2 Nc6 16. a5 e5 17. f5 Ne8 18. Nc4 f6 19. Bg4 Kf7 20. Nb6 Ne7 21. fxg6+ hxg6 22. Nd7 Rh8 23. Nxb8 Qxb8 24. Rf3 Qd6 25. Rh3 Rxh3 26. Bxh3 f5 27. exf5 gxf5 28. Qf2 Qg6 29. Rf1 Nd6 30. g3 Kg8 31. Bg2 e4 32. Bf4 Ne8 33. Qe2 Nf6 34. dxe4 fxe4 35. Qc4+ Ned5 36. Re1 Kh7 37. Qxd5 Nxd5 38. Bxe4 Nxf4 39. Bxg6+ Nxg6 40. Re6 c4 41. Kf1 Ne5 42. Re7 d3 43. cxd3 cxd3 44. Rxb7 Nc4 45. Ke1 Kg6 46. Rc7 Nxb2 47. Rc6+ Kf5 48. Kd2 Ke4 49. g4 Be5 50. Re6 Kd5 51. Rxe5+ Kxe5 52. g5 Kd4 53. g6 Nc4+ 54. Kd1 Kc3 55. g7 Nb2+ 56. Ke1 d2+ 57. Kf2 d1Q 58. g8Q Nd3+ 59. Kg2 Nf4+ 60. Kf2 Qe2+ 61. Kg1 Qe1# 0-1

[Event "Hessen-ch Seniors op 07th"]
[Site "Bad Sooden-Allendorf"]
[Date "2011.05.08"]
[Round "9"]
[White "Nagorni, Walter"]
[Black "Schmidt, Gerhard"]
[Result "0-1"]
[WhiteElo "1929"]
[BlackElo "2155"]
[PlyCount "64"]
[EventDate "2011.04.30"]
[EventType "swiss"]
[EventRounds "9"]
[EventCountry "GER"]
[SourceTitle "EXT 2012"]
[Source "ChessBase"]
[SourceDate "2011.11.24"]
[SourceVersion "1"]
[SourceVersionDate "2011.11.24"]
[SourceQuality "1"]

1. Nf3 d5 2. d4 Nf6 3. c4 e6 4. g3 c6 5. Bg2 Nbd7 6. 0-0 Be7 7. Qc2 0-0 8. Nbd2 b5 9. b3 bxc4 10. bxc4 Ba6 11. Rd1 Qa5 12. Ne5 Rac8 13. Nxd7 Nxd7 14. e4 Nb6 15. c5 Qa4 16. Qxa4 Nxa4 17. exd5 cxd5 18. Nb3 Bf6 19. Be3 Nc3 20. Re1 e5 21. Bf1 Bc4 22. dxe5 Bxe5 23. Bxc4 dxc4 24. Nd4 Nd5 25. Rab1 Nxe3 26. fxe3 Rxc5 27. Rec1 g6 28. Rb4 Rfc8 29. Kf1 h5 30. Ke2 Kg7 31. Nf3 Bf6 32. h3 g5 0-1

[Event "Hessen-ch Seniors op 07th"]
[Site "Bad Sooden-Allendorf"]
[Date "2011.05.07"]
[Round "8"]
[White "Blab, Ludwig"]
[Black "Nagorni, Walter"]
[Result "0-1"]
[WhiteElo "1967"]
[BlackElo "1929"]
[PlyCount "143"]
[EventDate "2011.04.30"]
[EventType "swiss"]
[EventRounds "9"]
[EventCountry "GER"]
[SourceTitle "EXT 2012"]
[Source "ChessBase"]
[SourceDate "2011.11.24"]
[SourceVersion "1"]
[SourceVersionDate "2011.11.24"]
[SourceQuality "1"]

1. c4 e5 2. Nc3 Nc6 3. g3 g6 4. Bg2 Bg7 5. b3 Nge7 6. Bb2 0-0 7. e3 d6 8. Nge2 Bf5 9. d3 Nb4 10. Nc1 Rb8 11. h3 Qc8 12. a3 Nbc6 13. b4 a6 14. N1e2 b5 15. Nd5 Re8 16. Rc1 bxc4 17. dxc4 Nd8 18. g4 Be6 19. 0-0 Qd7 20. f4 c6 21. Nxe7+ Qxe7 22. f5 gxf5 23. gxf5 Bc8 24. e4 f6 25. Rf3 Kh8 26. Qd3 c5 27. Bc3 Nc6 28. Rb1 Nd4 29. Rff1 Bb7 30. Bd2 Rg8 31. Nc3 Qf8 32. Kh1 Bh6 33. b5 axb5 34. Nxb5 Bxd2 35. Qxd2 Bc6 36. a4 Qe7 37. Qd3 Ra8 38. Ra1 Rg7 39. Ra2 Rag8 40. Kh2 Rg5 41. Rff2 h5 42. Bh1 h4 43. Qd1 Kh7 44. Rg2 Kh6 45. Rg4 Rxg4 46. hxg4 Bxb5 47. axb5 Qg7 48. Kh3 Qg5 49. Qd2 Qxd2 50. Rxd2 Kg5 51. Ra2 Kf4 52. Rf2+ Kg5 53. Rb2 Ra8 54. b6 Ra3+ 55. Kh2 Ra8 56. Kh3 Rb8 57. Bg2 Nc6 58. Bf3 Nb4 59. Bd1 Rxb6 60. Ba4 Ra6 61. Bb3 Ra3 62. Rb1 Nc6 63. Kh2 Nd4 64. Bd1 Rc3 65. Rb6 Rxc4 66. Rxd6 Rc1 67. Ba4 c4 68. Rd8 c3 69. Rg8+ Kf4 70. g5 Nf3+ 71. Kg2 Nxg5 72. Rh8 0-1

[Event "Hessen-ch Seniors op 07th"]
[Site "Bad Sooden-Allendorf"]
[Date "2011.05.06"]
[Round "7"]
[White "Nagorni, Walter"]
[Black "Achenbach, Manfred"]
[Result "1/2-1/2"]
[WhiteElo "1929"]
[BlackElo "2043"]
[PlyCount "88"]
[EventDate "2011.04.30"]
[EventType "swiss"]
[EventRounds "9"]
[EventCountry "GER"]
[SourceTitle "EXT 2012"]
[Source "ChessBase"]
[SourceDate "2011.11.24"]
[SourceVersion "1"]
[SourceVersionDate "2011.11.24"]
[SourceQuality "1"]

1. Nf3 d5 2. d4 g6 3. g3 Bg7 4. Bg2 Nf6 5. 0-0 0-0 6. c4 c6 7. Nc3 dxc4 8. a4 Na6 9. Ne5 Be6 10. e3 Qc8 11. Qe2 c5 12. d5 Nxd5 13. Nxg6 Nxc3 14. Nxe7+ Kh8 15. bxc3 Qd7 16. Nd5 Bxd5 17. Rd1 Nc7 18. e4 Qe6 19. Bf4 Rfe8 20. Bxc7 Bxe4 21. Bxe4 Qxe4 22. Qxe4 Rxe4 23. Rac1 Rae8 24. Bf4 Kg8 25. Be3 b6 26. Rd5 R4e6 27. a5 Bh6 28. Bxh6 Rxh6 29. Rd7 a6 30. axb6 Rxb6 31. Rc7 Re5 32. Kf1 Rb2 33. Re1 Rf5 34. Re2 Rb3 35. Re3 a5 36. Ra7 Ra3 37. h4 h5 38. f4 Ra2 39. Re2 Ra1+ 40. Kf2 Rc1 41. Re3 Rd5 42. Rxa5 Rd2+ 43. Kf3 Rd5 44. Ra4 f5 1/2-1/2